Periódicos

Finanças dos municípios capixabas

Opis bibliograficzny
Kolejni autorzy: Aequus Consultoria (Twórca), Borges, Alberto J. M. (Twórca), Vilela, Tânia M. C.
Format: Periódicos
Język:Português
Wydane: Vitória - ES: Aequus Consultoria,
Hasła przedmiotowe:
Lokalizacja:Periódicos
Citação:Finanças dos Municípios Capixabas, Vitória, v. 29, p. 3-104, 2023. Finanças dos Municípios Capixabas, Vitória, v. 25, p. 4-99, 2019.
Sygnatura:nº 29
nº 25
LEADER 030150000a22003610004500
005 20260617175317.0
022 |a 2317-5273 
110 2 |a Aequus Consultoria  |9 54622 
245 0 0 |a Finanças dos municípios capixabas 
260 |a Vitória - ES:  |b Aequus Consultoria, 
300 |a 104 p. :  |b il. ;  |c 28 cm. 
500 |a Exemplares (Ano - Volume - Exemplares): 1995 (1) -- 1996 (2) -- 1997 (3) -- 1998 (4) -- 1999 (5) -- 2000 (6) -- 2001(7) -- 2002 (8) -- 2003 (9) -- 2004 (10) -- 2005 (11) -- 2006 (12) -- 2007 (13) -- 2008 (14) -- 2009 (15) -- 2010 (16) -- 2011 (17) -- 2012 (18) -- 2013 (19) -- 2014 (20) -- 2015 (21) -- 2016 2(22) -- 2017 (23) -- 2018 (24) 
510 4 |a Finanças dos Municípios Capixabas, Vitória, v. 29, p. 3-104, 2023. Finanças dos Municípios Capixabas, Vitória, v. 25, p. 4-99, 2019. 
522 |a Espírito Santo (Estado) 
546 |a Português 
650 1 0 |a Índices de preços para atualização de valores - Notas metodológicas - Finanças dos Municípios Capixabas - Espírito Santo (Estado)  |9 54623 
650 1 0 |a Fontes de dados - Notas metodológicas - Finanças dos Municípios Capixabas - Espírito Santo (Estado)  |9 54624 
650 1 0 |a Deduções do Fundeb - Notas metodológicas - Finanças dos Municípios Capixabas - Espírito Santo (Estado)  |9 54625 
650 1 0 |a Receitas e despesas intraorçamentárias - Notas metodológicas - Finanças dos Municípios Capixabas - Espírito Santo (Estado)  |9 54626 
650 1 0 |a Receitas, Despesas, Suficiência financeira - Panorama - Finanças dos Municípios Capixabas - Espírito Santo (Estado)  |9 54627 
650 1 0 |a ISS, IPTU, ITBI, QPM-ICMS, FPM, Royalties - Receita - Finanças dos Municípios Capixabas - Espírito Santo (Estado)  |9 54628 
650 1 0 |a Pessoal, Custeio, Investimentos - Despesa - Finanças dos Municípios Capixabas - Espírito Santo (Estado)  |9 54629 
650 1 0 |a Saúde, Educação, Assistência social, Câmaras municipais - Despesa por função - Finanças dos Municípios Capixabas - Espírito Santo (Estado)  |9 54630 
650 1 0 |a Ranking - Finanças dos Municípios Capixabas - Espírito Santo (Estado)  |9 54687 
650 1 0 |a Compara Brasil - Aequus Consultoria Econômica e Sistemas  |9 54632 
700 1 |a Borges, Alberto J. M.  |e (org.)  |9 54633 
700 1 |a Vilela, Tânia M. C.  |e (org.)  |9 54634 
942 |c KRD 
952 |0 0  |1 0  |3 Encadernado  |4 0  |5 0  |7 0  |9 45  |a BIBLIO  |b BIBLIO  |c Periódicos  |d 2012-07-12  |l 0  |p 45  |r 2012-07-12 00:00:00  |w 2012-07-12  |y KRD 
952 |0 0  |1 0  |3 brochura  |4 0  |5 0  |6 Nº_29_000000000000000  |7 0  |9 358289  |a BIBLIO  |b BIBLIO  |c Periódicos  |d 2026-06-16  |e Doação  |l 0  |o nº 29  |p 349625  |r 2026-06-16 17:44:55  |w 2026-06-16  |y KRD 
952 |0 0  |1 0  |3 brochura  |4 0  |5 0  |6 Nº_29_000000000000000  |7 0  |9 358290  |a BIBLIO  |b BIBLIO  |c Periódicos  |d 2026-06-16  |e Doação  |l 0  |o nº 29  |p 349626  |r 2026-06-16 17:44:55  |t 2. ex.  |w 2026-06-16  |y KRD 
952 |0 0  |1 0  |3 brochura  |4 0  |5 0  |6 Nº_25_000000000000000  |7 0  |9 358296  |a BIBLIO  |b BIBLIO  |c Periódicos  |d 2026-06-17  |e Doação  |l 0  |o nº 25  |p 349632  |r 2026-06-17 17:55:59  |w 2026-06-17  |y KRD 
999 |c 45  |d 45